000 00589cam a2200193 4500500
005 20260329001413.0
041 _afre
042 _adc
100 1 0 _aObalk, Hector
_eauthor
245 0 0 _aLa gauche et la droite : pourquoi elles nous divisent encore
260 _c2007.
500 _a71
690 _aDroite
690 _aGauche
690 _aMarcel Gauchet
690 _aPolitique
786 0 _nPhilosophie magazine | 6 | 2 | 2007-02-01 | p. 20-20 | 1951-1787
856 4 1 _uhttps://shs.cairn.info/magazine-philosophie-magazine-2007-2-page-20?lang=fr&redirect-ssocas=7080
999 _c1805082
_d1805082